Demand will not lead to sector growth (Record no. 73102)

MARC details
000 -LEADER
fixed length control field 01147cam a2200229 4500
001 - CONTROL NUMBER
control field WB3928-09
008 - FIXED-LENGTH DATA ELEMENTS--GENERAL INFORMATION
fixed length control field 030724n2003 000 0 eng u
035 ## - SYSTEM CONTROL NUMBER
System control number (Sirsi) u123112
245 ## - TITLE STATEMENT
Title Demand will not lead to sector growth
260 ## - PUBLICATION, DISTRIBUTION, ETC.
Date of publication, distribution, etc. 2003
490 ## - SERIES STATEMENT
Series statement Inside Housing
Volume/sequential designation 18 July 2003, 8(1)
520 ## - SUMMARY, ETC.
Summary, etc. Demand for new housing is unlikely to prompt growth in the housing market, says a new study. Market intelligence provider Key Note suggest that the burden of planning application processes inhibit expansion by private house builders. "Housebuilding market report" forecasts house building starts will increase overall by 5.3% between 2003 and 2007 - an annual increase of 1.3% However, housing completions will increase by 1.2% over the same period - an annual rise of just 0.3%. The report is available from Key Note t +44 (0)20 8481 8750, priced £360
590 ## - LOCAL NOTE (RLIN)
Local note WB
650 ## - SUBJECT ADDED ENTRY--TOPICAL TERM
Topical term or geographic name entry element NEW HOUSING
650 ## - SUBJECT ADDED ENTRY--TOPICAL TERM
Topical term or geographic name entry element PRIVATE HOUSE BUILDERS
650 ## - SUBJECT ADDED ENTRY--TOPICAL TERM
Topical term or geographic name entry element HOUSE BUILDING MARKET
650 ## - SUBJECT ADDED ENTRY--TOPICAL TERM
Topical term or geographic name entry element PLANNING APPLICATION PROCESS
650 ## - SUBJECT ADDED ENTRY--TOPICAL TERM
Topical term or geographic name entry element HOUSING COMPLETIONS
650 ## - SUBJECT ADDED ENTRY--TOPICAL TERM
Topical term or geographic name entry element FORECASTING
690 ## - LOCAL SUBJECT ADDED ENTRY--TOPICAL TERM (OCLC, RLIN)
Topical term or geographic name as entry element HOUSING-DEVELOPMENT
942 ## - ADDED ENTRY ELEMENTS (KOHA)
Suppress in OPAC 0
Holdings
Withdrawn status Lost status Source of classification or shelving scheme Damaged status Not for loan Home library Current library Shelving location Date acquired Total Checkouts Full call number Barcode Date last seen Copy number Price effective from Koha item type
    Dewey Decimal Classification     London London News article 24/07/2003   WB3928-09 123112-1001 06/08/2019 1 06/08/2019 News article